000 00808nam a2200241Ia 4500
003 OSt
005 20220923221144.0
006 a|||||r|||| 00| 0
007 ta
008 220922b |||||||| |||| 00| 0 hin d
024 _a195,681
037 _cTextual
040 _aARTS
_cARTS
_bhin
041 _2hin
_ahin
082 _aR4xM69x, 152L9-;1
100 _aवर्मा, वेद प्रकाश
245 0 _aमहात्मा गांॅधी का नैतिक दर्शन
246 _ahinātmā gāanॅdhī kā naitik darshana
260 _aदिल्ली
_b इन्दु प्रका0
_c1979
300 _a200पृ.
_ccm.
942 _hR4xM69x, 152L9-;1
_cTEXL
_2CC
999 _c347825
_d347825